00887nam a2200265Ia 4500003000400000005001700004008004100021020003000062040001700092082002100109100002000130245011300150250001100263260002800274300002500302500001900327650002500346650002700371650002600398700001500424700003000439942000900469952012800478999001500606IIN20250430123836.0250430s2024 xx ad 001 0 eng d cRs.1795.00a9789356961845 aIINbEnglish a610.73 bJAC1 a Jacob, Annamma1 aClinical Nursing Proceduresbthe art of nursing practice/cAnnamma Jacob, Rekha R. & Jadhav Sonali Tarachand a5th ed bJaypeeaNew Delhic2024 axv, 939p.bcol. ill. aIncludes Index1 aFoundationv Nursing1 aFundamentalsv Nursing1 a Proceduresv Nursing1 aRekha, R. 1 aTarachand, Jadhav Sonali  cBOOK 00102ddc40708PURCHaIINbIINcGENd2025-03-11g1795.00l0o610.73 JACp1955r2025-04-30 12:39:00w2025-04-30yBOOK c1780d1780